Nông nghiệp chính xác và khả năng triển khai tại Việt Nam /

שמור ב:
מידע ביבליוגרפי
מחבר ראשי: Hoa Hữu Cường.
פורמט: Bài viết
שפה:Vietnamese
נושאים:
תגים: הוספת תג
אין תגיות, היה/י הראשונ/ה לתייג את הרשומה!
Thư viện lưu trữ: Thư viện Trường Đại học Đà Lạt
LEADER 00882nam a2200289 4500
001 DLU210196726
005 ##20210709
040 # # |a DLU  |b vie 
041 # # |a vie 
044 # # |a vn 
100 # # |a Hoa Hữu Cường. 
245 # # |a Nông nghiệp chính xác và khả năng triển khai tại Việt Nam /  |c Hoa Hữu Cường. 
653 # # |a Cách mạng công nghiệp 4.0 
653 # # |a Lý luận 
653 # # |a Nông nghiệp  
653 # # |a Triển khai 
773 # # |t Nghiên cứu Châu Âu  |g Số 4(211), 2018, tr. 28-37 
920 # # |a Phòng Tạp chí -- Trung tâm Thông tin - Thư viện Trường Đại học Đà Lạt 
933 # # |a XH 
994 # # |a DLU 
900 # # |a True 
911 # # |a Hoàng Thị Huyền 
925 # # |a G 
926 # # |a A 
927 # # |a BB 
980 # # |a Thư viện Trường Đại học Đà Lạt